000 00991 a2200229 4500
001 43877
005 20260407155720.0
008 260407a2008 arg spa d
003 AR-UNSa-BCEJYS
040 _aAR-UNSa-BCEJYS
_bspa
_cAR-UNSa-BCEJYS
080 _a94(82):33
_xHistoria Económica Argentina
245 1 0 _aHistoria económica de la Argentina
_pde la conquista a la crisis de 1930
020 _a978-950-07-2816-4
264 1 _aBuenos Aires :
_bSudamericana
_c2008
300 _a376 p.
_c23 cm.
505 _a1. El sistema económico colonial - 2. Apertura comercial y fragmentación política: la economía de una nación en ciernes, 1800-1860 - 3. La consolidación económica de la Nación, 1860-1910 - 4. Una economía agroexportadora madura, 1910-1929
041 _aspa
942 _cBK
590 _aniveau_biblio:m niveau_hierar:0
100 1 _aMíguez, Eduardo José
856 4 1 _uhttps://biblioeco.unsa.edu.ar/pmb/images/libros/L126781.jpg
_yImagen de portada
_qimage/jpeg
999 _c3742
_d3742